<?xml version="1.0" encoding="UTF-8"?>
<marc:record xmlns:marc="http://www.loc.gov/MARC21/slim">
   <marc:leader>00000nam a2200000 a 4500</marc:leader>
   <marc:datafield ind1="1" ind2=" " tag="100">
      <marc:subfield code="a">Edel, Uli</marc:subfield>
   </marc:datafield>
   <marc:datafield ind1="1" ind2=" " tag="100">
      <marc:subfield code="a">Margulies, Julianna</marc:subfield>
   </marc:datafield>
   <marc:datafield ind1="1" ind2=" " tag="100">
      <marc:subfield code="a">Allen, Joan</marc:subfield>
   </marc:datafield>
   <marc:datafield ind1="1" ind2=" " tag="100">
      <marc:subfield code="a">Huston, Anjelica</marc:subfield>
   </marc:datafield>
   <marc:datafield ind1="1" ind2=" " tag="100">
      <marc:subfield code="a">Zimmer Bradley, Marion</marc:subfield>
   </marc:datafield>
   <marc:datafield ind1="0" ind2="0" tag="245">
      <marc:subfield code="a">Die Nebel Von Avalon</marc:subfield>
   </marc:datafield>
   <marc:datafield ind1="0" ind2="0" tag="245">
      <marc:subfield code="c">Marion Zimmer Bradley. Darsteller: Angelica Huston, Joan Allen, Julianna Margulies,... Regie: Uli Edel</marc:subfield>
   </marc:datafield>
   <marc:datafield ind1=" " ind2="1" tag="264">
      <marc:subfield code="a">München</marc:subfield>
      <marc:subfield code="b">Constantin Film AG</marc:subfield>
      <marc:subfield code="c">2010</marc:subfield>
   </marc:datafield>
   <marc:datafield ind1="1" ind2=" " tag="520">
      <marc:subfield code="a">Uli Edels kostümgewaltiges Epos um Macht, Intrigen und die Sage von König Artus: England - Die Unruhe äußerer Bedrohungen durch die Sachsen wird durch den Widerstreit zwischen alter und neuer Religion verstärkt. Eine Macht des Landes ist die Hohepriesterin Viviane (Anjelica Huston) von der heiligen Insel Avalon. Sie schmiedet einen Plan, der einen König hervorbringen soll, der Land und Religion für alle Zeiten stärkt: Arthur (Edward Atterton), der Halbbruder ihrer Nichte Morgaine (Julianna Margulies). Vivianes Plan könnte aufgehen, wäre da nicht ihre Schwester Morgause (Joan Allen) mit ihren Plänen.</marc:subfield>
   </marc:datafield>
   <marc:datafield ind1=" " ind2=" " tag="020">
      <marc:subfield code="a">B003O1VA6A</marc:subfield>
      <marc:subfield code="9">B003O1VA6A</marc:subfield>
   </marc:datafield>
   <marc:datafield ind1="0" ind2=" " tag="490">
      <marc:subfield code="v">0</marc:subfield>
   </marc:datafield>
   <marc:datafield ind1=" " ind2=" " tag="300">
      <marc:subfield code="a">1 DVD (176 Min,)</marc:subfield>
   </marc:datafield>
</marc:record>
